[Event "Mittelfrank Regionalliga Nord-West 2223"]
[Site "Mittelfranken"]
[Date "2023.04.23"]
[Round "9.4"]
[White "Dey, Jan Marten"]
[Black "Hiernickel, Alexander"]
[Result "1/2-1/2"]
[WhiteElo "2110"]
[BlackElo "1852"]
[PlyCount "51"]
[EventDate "2022.10.09"]
[EventType "team-tourn"]
[EventRounds "9"]
[EventCountry "GER"]
[SourceTitle "EXT 2024"]
[Source "ChessBase"]
[SourceDate "2023.10.10"]
[SourceVersion "1"]
[SourceVersionDate "2023.10.10"]
[SourceQuality "1"]
[WhiteTeam "Schweinfurt"]
[BlackTeam "Rottendorf"]
[WhiteTeamCountry "GER"]
[BlackTeamCountry "GER"]

1. e4 c6 2. d4 d5 3. exd5 cxd5 4. Bd3 Nc6 5. c3 Nf6 6. Bf4 Bg4 7. Qb3 Qd7 8. Nd2 e6 9. Ngf3 Bd6 10. Bxd6 Qxd6 11. 0-0 0-0 12. Rfe1 Rab8 13. a4 Na5 14. Qa2 Rfc8 15. Ne5 Bh5 16. Bb5 Qc7 17. h3 Bg6 18. Re3 a6 19. Bf1 Ne4 20. Nxe4 Bxe4 21. Rae1 b5 22. b4 Nc6 23. Nxc6 Qxc6 24. axb5 axb5 25. Qe2 Qa6 26. f3 1/2-1/2